Name that Language - Asia - Statistics

General Stats
  • This quiz has been taken 88 times
  • The average score is 15 of 20
Answer Stats
Hint Answer % Correct
我的馬掉了窗外 Mandarin
99%
私の馬は窓から落ちた Japanese
98%
سقط حصيني من النافذة Arabic
96%
내 말은 창문 밖으로 떨어졌다. Korean
95%
मेरा घोड़ा खिड़की से बाहर गिर गया Hindi
90%
ม้าของฉันตกลงมาจากหน้าต่าง Thai
87%
Con ngựa của tôi rơi ra ngoài cửa sổ Vietnamese
86%
הסוס שלי נפל מהחלון Hebrew
82%
Atım pencereden düştü Turkish
81%
اسب من از پنجره افتاد Farsi
78%
আমার ঘোড়াটি জানালা খুলে গেল Bengali
71%
Kuda saya jatuh dari tingkap Malay
67%
Իմ ձին ընկավ պատուհանից Armenian
66%
ჩემი ცხენი დაეცა ფანჯრიდან Georgian
65%
Nahulog ang kabayo ko sa bintana Filipino
64%
میرا گھوڑا کھڑکی سے گر گیا Urdu
64%
အကြှနျုပျ၏မြင်းပြတင်းပေါက်ထွက်ကျဆင်း Burmese
52%
என் குதிரை ஜன்னல் வெளியே விழுந்தது Tamil
52%
నా గుర్రం విండో బయట పడిపోయింది Telugu
48%
زما لاس کړکۍ ته ورسید Pashto
42%
No matching quizzes found
Score Distribution
Percent of People with Each Score
Percentile by Number Answered
Your Score History
You have not taken this quiz